000 00367nam a22001577a 4500
003 MPLRDC
005 20220104142559.0
008 210129b ||||| |||| 00| 0 eng d
082 _a782.89 WSS
100 _a王世昭
245 _a中国文人新论
_c
260 _a
_b新世纪出版社
_c
300 _b
650 _a中国传记
942 _cBK
_o782.89 WSS
999 _c32041
_d32031